ICT Technology Quiz - Statistics

General Stats
  • This quiz has been taken 328 times
    320 since last reset
  • The average score is 10 of 15
Answer Stats
Hint Answer % Correct
What does WWW stand for? World Wide Web
96%
Free Online Encyclopedia? Wikipedia
91%
What is the online equivalent for sending letters? Email
89%
Famous website for buying & selling items? eBay
87%
What is a famous photo sharing website? Instagram
80%
What is used to ouput online documents to paper? Printer
77%
A connector used to display laptop/PC monitor to the TV HDMI
76%
Shuffle, Nano, Touch and Classic are variations of what? iPod
64%
To surf on the internet, you use it? Browser
63%
What is the acronym for HTML? Hypertext Markup Language
63%
A commonly used scripting language on websites Javascript
52%
What does the acronym LCD stand for? Liquid Crystal Display
52%
Which Broswes used addons? Firefox
42%
Keeps thing organise, You can drag it, move it and rename it? Folders
31%
What TV displays 1080p / 720p resolution? HD TV
23%
No matching quizzes found
Score Distribution
Percent of People with Each Score
Percentile by Number Answered
Your Score History
You have not taken this quiz since the last reset